| 000 | 00574 a2200193 4500 | ||
|---|---|---|---|
| 999 |
_c32011 _d32011 |
||
| 003 | OSt | ||
| 005 | 20260115105629.0 | ||
| 008 | 260115b ||||| |||| 00| 0 eng d | ||
| 020 | _a978-81-317-0306-9 | ||
| 040 | _c. | ||
| 082 |
_a006.3 _bC483 |
||
| 100 |
_96480 _aCharniak, Eugene |
||
| 245 |
_aIntroduction to Artificial Intelligence / _cby Eugene Charniak and Drew McDermott |
||
| 260 |
_bPearson India Education Services pvt ltd, _aIndia : _c1985. |
||
| 300 | _a701 p. | ||
| 650 | 0 |
_93233 _aArtificial intelligence |
|
| 700 |
_96481 _aMcDermott, Drew |
||
| 942 |
_2ddc _cBK |
||